000 00886cam a22002657a 4500
001 13345561
005 20180205070751.0
008 030916s2003 mdua b 001 0 eng d
010 _a 2003112940
020 _a156900188X
035 _a(OCoLC)ocm54345670
040 _aIWU
_cIWU
_dVET
_dOCLCQ
_dDLC
041 _aeng
042 _alccopycat
080 _a615.8.515.0846 mar
082 0 0 _a615.8.515.0846 mar
_222
100 _a8
101 _aort
245 0 0 _aGeriatric issues in occupational therapy :
_cedited by Mary A. Corcoran.
504 _aIncludes bibliographical references and index.
906 _a7
_bcbc
_ccopycat
_d2
_eepcn
_f20
_gy-gencatlg
942 _2ddc
_cBK
999 _c41748
_d41748